Metallica - The Unforgiven lyrics - Statistics

General Stats
  • This quiz has been taken 8 times
  • The average score is 246 of 301
Answer Stats
Answer % Correct
a
100%
and
100%
Earth
100%
He
100%
he
100%
I
100%
I've
100%
this
100%
This
100%
What
100%
what
100%
all
88%
all,
88%
be,
88%
blood
88%
disgrace,
88%
felt,
88%
he's
88%
his
88%
His
88%
is
88%
joins
88%
known
88%
man
88%
me
88%
me,
88%
never
88%
Never
88%
New
88%
old
88%
on
88%
on,
88%
quickly
88%
So
88%
take
88%
the
88%
The
88%
They
88%
they
88%
Through
88%
through
88%
to
88%
unforgiven
88%
unforgiven,
88%
You
88%
you
88%
away
75%
been
75%
bitter
75%
boy
75%
constant
75%
day
75%
die
75%
dub
75%
free,
75%
from
75%
have
75%
in,
75%
in
75%
might
75%
no
75%
of
75%
own
75%
see
75%
shined
75%
subdued
75%
that
75%
That
75%
thee
75%
their
75%
then
75%
they'll
75%
unto
75%
vow
75%
win,
75%
Won't
75%
young
75%
battled
63%
cannot
63%
cares
63%
dedicate
63%
Deprived
63%
done
63%
fight
63%
here
63%
I'll
63%
label
63%
life,
63%
lives
63%
longer
63%
prepares
63%
regretfully
63%
rules
63%
running
63%
shown
63%
struggles
63%
them
63%
thoughts,
63%
time,
63%
tired
63%
will
63%
With
63%
child
50%
constantly
50%
draws
50%
labeled
50%
learns
50%
pained
50%
please
50%
same,
50%
tries
50%
wrong
50%
yeah
50%
Oh,
38%
whipping
38%
Throughout
25%
woah
25%
No matching quizzes found
Score Distribution
Percent of People with Each Score
Percentile by Number Answered
Your Score History
You have not taken this quiz